| 000 | 00732cam a2200265 4500 | ||
|---|---|---|---|
| 001 | M83084 | ||
| 008 | 090401t1996 xxu||||| |||| 00| 0 eng d | ||
| 035 | _a(Sirsi) u77452 | ||
| 041 | _aeng | ||
| 050 | _a630.026 | ||
| 110 |
_aCountry Landowners' Association _92816 |
||
| 245 | _aCLA farm business tenancy surveys 1996. | ||
| 260 |
_aLondon _bCLA _c1996 |
||
| 300 | _a30,ixp. ; 30cm. | ||
| 350 | _a0 | ||
| 520 | _aResults of questionnaire undertaken by the CLA. | ||
| 650 | _aAGRICULTURAL TENANCIES ACT 1995 | ||
| 650 | _aFARM BUSINESS TENANCIES | ||
| 650 | _aFARM BUSINESS TENANCY AGREEMENTS | ||
| 650 | _aFARM LAND | ||
| 700 | _aWilliams, Nigel | ||
| 700 | _aStubbs, Michael | ||
| 942 | _n0 | ||
| 948 | _c27/03/1997 | ||
| 999 |
_c96310 _d96310 |
||